00787nam a22002177a 45000010005000000030014000050050017000190080041000360400029000770500015001060820011001211000020001322450036001522600051001883000059002395050007002985200163003055210028004685210018004966500055005147070978818451706420260115132557.0250620b cb ||||| |||| 00| 0 eng d aFISKHbengcFISKHdFISKH aPZ8.L887 A a853.8  aCollodi, Carlo  aPinocchio :bFancy story book / aNew Delhi : bDreamland Publications, c2012.  a14 unnumbered pages : bcolor illustrations ; c25 cm  aF  aPinocchio, a wooden puppet full of tricks and mischief, with a talent for getting into and out of trouble, wants more than anything else to become a real boy.8 a300 bLexile estimate 8 aF bRaz-Plus  aItalian literaturevFantasyxPuppetsyPicture book